000
00297nam a2200121Ia 4500
008
191201s2012 xx 000 0 und d
100
_a
CHAKRABORTY,R
245
0
_a
Law Relating to Trusts in India
260
_a
N. Delhi
_b
Orient Pub
_c
2012
300
_a
0
650
_a
General Books
942
_2
ddc
_c
BK
999
_c
487
_d
487